| 000 | 00441nam a2200157Ia 4500 | ||
|---|---|---|---|
| 005 | 20250410053646.0 | ||
| 008 | 240331s9999 xx 000 0 und d | ||
| 020 | _a8123401191 | ||
| 082 |
_a200.1 _bVIL |
||
| 100 | _aVildurent, | ||
| 245 | 0 | _aUlaka mathankal oru tattuvap parvai | |
| 260 |
_aChennai _bNewcentury Book House Pvt Ltd _c1992 |
||
| 300 | _a200 p ., | ||
| 500 | _aThe Pleasures of Philosophy enum noolin tamil veliyidu | ||
| 942 | _cL | ||
| 999 |
_c842 _d842 |
||